Panzer Battles / (Record no. 185513)

000 -LEADER
fixed length control field 00574 a2200169 4500
003 - CONTROL NUMBER IDENTIFIER
control field Nust
005 - DATE AND TIME OF LATEST TRANSACTION
control field 20230307125536.0
040 ## - CATALOGING SOURCE
Transcribing agency Nust
082 ## - DEWEY DECIMAL CLASSIFICATION NUMBER
Classification number 355.07,MEL
100 ## - MAIN ENTRY--PERSONAL NAME
Personal name Mellenthin F.W.Von
9 (RLIN) 48661
245 ## - TITLE STATEMENT
Title Panzer Battles /
Statement of responsibility, etc. F.W.Von Mellenthin
260 ## - PUBLICATION, DISTRIBUTION, ETC.
Place of publication, distribution, etc. Pakistan
Name of publisher, distributor, etc. Army education press
505 ## - FORMATTED CONTENTS NOTE
Formatted contents note Part One: Poland, France and the Balkans (Page-3), Part Two: The Western Desert (Page-43), Part Three: Russia (Page-151), Part Four: Campaign in The West (Page-311).
600 ## - SUBJECT ADDED ENTRY--PERSONAL NAME
Personal name F.W von.Mellenthin
9 (RLIN) 109950
650 ## - SUBJECT ADDED ENTRY--TOPICAL TERM
Topical term or geographic name entry element Battels
9 (RLIN) 109951
942 ## - ADDED ENTRY ELEMENTS (KOHA)
Source of classification or shelving scheme
Koha item type Book
Holdings
Withdrawn status Lost status Source of classification or shelving scheme Damaged status Not for loan Permanent Location Current Location Shelving location Date acquired Full call number Barcode Date last seen Price effective from Koha item type Public note Collection code Total Checkouts
          Military College of Signals (MCS) Military College of Signals (MCS) General Stacks 12/12/2016 355.07,MEL MCS28954 12/08/2016 12/12/2016 Book Almirah No.74, Shelf No.1    
          Military College of Signals (MCS) Military College of Signals (MCS)   12/12/2016 355.07 MEL MCS28955 12/08/2016 12/12/2016 Book      
          Military College of Signals (MCS) Military College of Signals (MCS)   12/12/2016 355.07 MEL MCS28956 12/08/2016 12/12/2016 Book      
          Military College of Signals (MCS) Military College of Signals (MCS) General Stacks 12/12/2016 355.07,MEL MCS28957 12/08/2016 12/12/2016 Book Almirah No.74, Shelf No.1    
© 2023 Central Library, National University of Sciences and Technology. All Rights Reserved.